Penhora on-line Civil e Trabalhista

Detalles Bibliográficos
Autor principal: Gomes de Souza, Agnaldo
Formato: eBook
Lenguaje:portugués
Publicado: Sô Paulo : Editora NELPA, 2012
Materias:
Acceso en línea:http://www.vlex.com/source/6779

MARC

LEADER 00000nam a22000007a 4500
005 20130122162519.0
007 cr|||| ||||
008 130122e2012 bl |||||s|||| 00||0 por d
020 |a 8580202191  
035 |a 6779 
040 |a vLex 
090 |c 3579  |d 3579 
100 1 0 |a Gomes de Souza, Agnaldo 
245 1 0 |a Penhora on-line  |b Civil e Trabalhista  |h [Recurso electrn̤ico] 
256 |a Servicio en ln̕ea 
260 |a Sô Paulo :  |b Editora NELPA,  |c 2012  
300 |a 1 Recurso electrn̤ico 
650 0 |a Procedimiento civil  |z Brasil 
650 0 |a Procedimiento laboral  |z Brasil 
650 0 |2 Derecho tributario  |z Brasil 
650 0 |a Embargos  |z Brasil 
740 |a vLex Libros (Servicio en ln̕ea) 
856 |a Acceso restringido  |u http://www.vlex.com/source/6779 
942 |c BOOK 
999 0 |a Civil procedure